[Event "SLO-ch U18"]
[Site "Debeli Rtic"]
[Date "2012.02.23"]
[Round "8"]
[White "Skvorc, Ziga"]
[Black "Janzelj, Tim"]
[Result "0-1"]
[WhiteElo "1764"]
[BlackElo "2137"]
[PlyCount "38"]
[EventDate "2012.02.18"]
[EventType "swiss"]
[EventRounds "9"]
[EventCountry "SLO"]
[SourceTitle "EXT 2022"]
[Source "ChessBase"]
[SourceDate "2021.10.06"]
[SourceVersion "1"]
[SourceVersionDate "2021.10.06"]
[SourceQuality "1"]

1. e4 d6 2. Nf3 Nf6 3. Nc3 e5 4. Be2 Be7 5. 0-0 0-0 6. d4 Nbd7 7. dxe5 dxe5 8. Bg5 c6 9. Bh4 b5 10. Bd3 Qc7 11. a3 a6 12. Ne2 Nc5 13. Ng3 Rd8 14. Qe2 g6 15. Rad1 Ne6 16. Qe1 h6 17. Ne2 g5 18. Bg3 Nf4 19. Qc3 Rxd3 0-1

[Event "SLO-ch U18"]
[Site "Debeli Rtic"]
[Date "2012.02.18"]
[Round "1"]
[White "Hiti, Domen"]
[Black "Skvorc, Ziga"]
[Result "1-0"]
[WhiteElo "2033"]
[BlackElo "1764"]
[PlyCount "65"]
[EventDate "2012.02.18"]
[EventType "swiss"]
[EventRounds "9"]
[EventCountry "SLO"]
[SourceTitle "EXT 2022"]
[Source "ChessBase"]
[SourceDate "2021.10.06"]
[SourceVersion "1"]
[SourceVersionDate "2021.10.06"]
[SourceQuality "1"]

1. d4 Nf6 2. c4 g6 3. Nf3 Bg7 4. Nc3 0-0 5. g3 d6 6. Bg2 Nfd7 7. 0-0 Nc6 8. e4 e5 9. Be3 Nb6 10. d5 Ne7 11. Nd2 Nd7 12. b4 f5 13. f3 f4 14. Bf2 g5 15. g4 Nf6 16. c5 h5 17. h3 Ng6 18. Nc4 hxg4 19. hxg4 Nh4 20. cxd6 cxd6 21. Bh1 Qd7 22. a4 Qc7 23. Qd3 Qd7 24. Qe2 Bh8 25. Nb5 Qh7 26. Nbxd6 Nxg4 27. Bxh4 Qxh4 28. fxg4 Bxg4 29. Qh2 Bh3 30. Bg2 g4 31. Bxh3 gxh3 32. Rf3 Qg4+ 33. Kf2 1-0

[Event "SLO-ch U16"]
[Site "Slovenia"]
[Date "2010.??.??"]
[Round "6"]
[White "Tomazini, Zan"]
[Black "Skvorc, Ziga"]
[Result "1-0"]
[WhiteElo "2170"]
[BlackElo "1830"]
[PlyCount "77"]
[EventDate "2010.??.??"]
[EventType "swiss"]
[EventRounds "9"]
[EventCountry "SLO"]
[SourceTitle "EXT 2012"]
[Source "ChessBase"]
[SourceDate "2011.11.24"]
[SourceVersion "1"]
[SourceVersionDate "2011.11.24"]
[SourceQuality "1"]

1. e4 c5 2. c3 d5 3. exd5 Qxd5 4. d4 cxd4 5. cxd4 Nc6 6. Nf3 Bg4 7. Nc3 Qe6+ 8. Be3 Qc8 9. d5 Bxf3 10. Qxf3 Ne5 11. Qe4 Nd7 12. Rc1 Ngf6 13. Qa4 Qd8 14. Bd3 a6 15. 0-0 g6 16. Rfe1 b5 17. Qh4 Bg7 18. Bh6 0-0 19. Bxg7 Kxg7 20. Re3 Nb6 21. Be2 Nbxd5 22. Nxd5 Qxd5 23. g4 h6 24. Bf3 Qd2 25. Rd1 Qc2 26. Rxe7 Rad8 27. Rde1 Qxb2 28. R1e6 Qc3 29. Kg2 Rd3 30. Re3 Rxe3 31. Rxe3 Qd4 32. Qg3 g5 33. h4 a5 34. hxg5 hxg5 35. Qe5 Qf4 36. Re4 Qc1 37. Re3 Re8 38. Qxg5+ Kf8 39. Rxe8+ 1-0

[Event "SLO-ch U14"]
[Site "Rogaska Slatina"]
[Date "2009.02.26"]
[Round "8"]
[White "Skvorc, Ziga"]
[Black "Drnovsek, Gal"]
[Result "1/2-1/2"]
[WhiteElo "1531"]
[BlackElo "1640"]
[PlyCount "103"]
[EventDate "2009.02.22"]
[EventType "swiss"]
[EventRounds "9"]
[EventCountry "SLO"]
[SourceTitle "CBM 129 Extra"]
[Source "ChessBase"]
[SourceDate "2009.05.05"]
[SourceVersion "2"]
[SourceVersionDate "2009.05.20"]
[SourceQuality "1"]

1. e4 e5 2. Nf3 Nf6 3. Nxe5 d6 4. Nf3 Nxe4 5. Nc3 Nxc3 6. dxc3 Be7 7. Bf4 Nc6 8. Qd2 Bg4 9. Be2 a6 10. 0-0-0 Qd7 11. h3 Be6 12. Kb1 0-0-0 13. Nd4 Kb8 14. Nxe6 Qxe6 15. Rhe1 Qd7 16. Qd5 f5 17. g4 g5 18. Be3 f4 19. Bd4 Nxd4 20. cxd4 c6 21. Qb3 Ka7 22. Bd3 Bf6 23. d5 c5 24. Bf5 Qc7 25. Re6 Be5 26. c4 Rde8 27. Qa4 Re7 28. Rd3 Rf8 29. Ra3 Rff7 30. Qa5 Qxa5 31. Rxa5 b6 32. Ra3 Kb7 33. Rb3 Kc7 34. a4 a5 35. Rd3 Kd8 36. f3 Kc7 37. Kc2 Kd8 38. Rd2 Kc7 39. Kd3 Kd8 40. Rh2 Kc7 41. h4 Bf6 42. hxg5 Bxg5 43. Rxe7+ Rxe7 44. Rxh7 Kd8 45. Rh3 Re3+ 46. Kc2 Re2+ 47. Kc1 Re8 48. Be6 Bf6 49. Rh6 Be5 50. g5 Rh8 51. Rxh8+ Bxh8 52. Kd2 1/2-1/2

[Event "SLO-ch U14"]
[Site "Rogaska Slatina"]
[Date "2009.02.24"]
[Round "4"]
[White "Brank, Bine"]
[Black "Skvorc, Ziga"]
[Result "0-1"]
[WhiteElo "1617"]
[BlackElo "1531"]
[PlyCount "74"]
[EventDate "2009.02.22"]
[EventType "swiss"]
[EventRounds "9"]
[EventCountry "SLO"]
[SourceTitle "CBM 129 Extra"]
[Source "ChessBase"]
[SourceDate "2009.05.05"]
[SourceVersion "2"]
[SourceVersionDate "2009.05.20"]
[SourceQuality "1"]

1. e4 e5 2. Nf3 Nc6 3. c3 Nf6 4. d4 d6 5. Be2 Nxe4 6. d5 Ne7 7. Qa4+ c6 8. dxc6 Nxc6 9. Qxe4 d5 10. Qc2 Be7 11. Bb5 Qd6 12. Be3 0-0 13. Nbd2 f6 14. Nb3 b6 15. h3 d4 16. 0-0-0 Bb7 17. Kb1 f5 18. Ng5 Qg6 19. Bc4+ Kh8 20. Nf7+ Rxf7 21. Bxf7 Qxf7 22. Bc1 Rc8 23. Rhe1 Qg6 24. g4 d3 25. Qxd3 e4 26. gxf5 Qxf5 27. Qxe4 Qxf2 28. Nd4 Bc5 29. Nb3 Na5 30. Qe5 Nxb3 31. axb3 Rg8 32. b4 Bf8 33. Rf1 Qh4 34. Bg5 Qc4 35. Qd4 Qe2 36. Bh6 Be4+ 37. Ka1 Qa6# 0-1

[Event "SLO-ch U14"]
[Site "Rogaska Slatina"]
[Date "2009.02.22"]
[Round "1"]
[White "Skvorc, Ziga"]
[Black "Kralj, Samo"]
[Result "0-1"]
[WhiteElo "1531"]
[BlackElo "1713"]
[PlyCount "58"]
[EventDate "2009.02.22"]
[EventType "swiss"]
[EventRounds "9"]
[EventCountry "SLO"]
[SourceTitle "CBM 129 Extra"]
[Source "ChessBase"]
[SourceDate "2009.05.05"]
[SourceVersion "2"]
[SourceVersionDate "2009.05.20"]
[SourceQuality "1"]

1. e4 d5 2. exd5 Qxd5 3. Nc3 Qa5 4. d4 Nf6 5. Bd2 c6 6. Bc4 Qc7 7. Nge2 e6 8. 0-0 Bd6 9. Ng3 Nbd7 10. f4 Nb6 11. Bb3 Bd7 12. Nce4 Nxe4 13. Nxe4 c5 14. Nxd6+ Qxd6 15. dxc5 Qxc5+ 16. Kh1 0-0-0 17. a4 Bc6 18. Qe2 Nd5 19. Bxd5 Bxd5 20. Be3 Qc6 21. b3 a6 22. Rac1 h5 23. c4 Be4 24. Rc3 h4 25. h3 f5 26. a5 Rh6 27. b4 Rg6 28. Rg1 Rg3 29. Qb2 Rxh3# 0-1

[Event "SLO-ch U14"]
[Site "Postojna"]
[Date "2008.02.27"]
[Round "5"]
[White "Tomazini, Zan"]
[Black "Skvorc, Ziga"]
[Result "1-0"]
[WhiteElo "2021"]
[BlackElo "1559"]
[PlyCount "61"]
[EventDate "2008.02.24"]
[EventType "swiss"]
[EventRounds "9"]
[EventCountry "SLO"]
[SourceTitle "EXT 2010"]
[Source "ChessBase"]
[SourceDate "2010.11.25"]
[SourceVersion "1"]
[SourceVersionDate "2010.11.25"]
[SourceQuality "1"]

1. e4 e5 2. Nc3 Nf6 3. Bc4 Nc6 4. d3 Bb4 5. f4 d5 6. exd5 Nxd5 7. Bxd5 Qxd5 8. Nf3 Bg4 9. 0-0 Qc5+ 10. Kh1 Bxc3 11. bxc3 Qxc3 12. Bd2 Qc5 13. fxe5 Nxe5 14. Qe1 Bxf3 15. Rxf3 0-0 16. Rf5 Rfe8 17. d4 Qxd4 18. Bc3 Nf3 19. Qxe8+ Rxe8 20. Bxd4 Nxd4 21. Rf2 f6 22. h3 Kf7 23. Rd1 c5 24. c3 Nb5 25. Rb2 Nxc3 26. Rxb7+ Kg6 27. Rdd7 c4 28. Rxg7+ Kf5 29. Rxh7 Nxa2 30. Rb2 Nc3 31. Rc2 1-0

[Event "SLO-chT2 East"]
[Site "Brezice Maribor"]
[Date "2007.10.20"]
[Round "7"]
[White "Licina, Milos"]
[Black "Skvorc, Ziga"]
[Result "1-0"]
[WhiteElo "1916"]
[BlackElo "1522"]
[PlyCount "104"]
[EventDate "2007.05.26"]
[EventType "team-tourn"]
[EventRounds "9"]
[EventCountry "SLO"]
[SourceTitle "EXT 2010"]
[Source "ChessBase"]
[SourceDate "2010.11.25"]
[SourceVersion "1"]
[SourceVersionDate "2010.11.25"]
[SourceQuality "1"]

1. d4 Nf6 2. c4 g6 3. Nc3 d5 4. e3 Bg7 5. Nf3 Nc6 6. b3 Bg4 7. Be2 0-0 8. 0-0 Re8 9. cxd5 Nxd5 10. Nxd5 Qxd5 11. h3 Bxf3 12. Bxf3 Qd7 13. Qc2 e5 14. Bxc6 bxc6 15. dxe5 Rxe5 16. Bb2 Rg5 17. Kh1 Bxb2 18. Qxb2 Qd5 19. f3 Re8 20. e4 Qd6 21. Rac1 c5 22. Rc4 Rd8 23. Qf2 Qd2 24. Rc2 Qf4 25. Re1 Rd4 26. g4 h5 27. Kg2 hxg4 28. hxg4 Re5 29. Qg3 Rd2+ 30. Re2 Rxe2+ 31. Rxe2 Qxg3+ 32. Kxg3 Kf8 33. Kf4 f6 34. Rc2 Ke7 35. Rc4 a6 36. Ra4 g5+ 37. Ke3 Re6 38. f4 Kd7 39. Rc4 Kd6 40. Rc2 gxf4+ 41. Kxf4 Re5 42. Rh2 Rg5 43. Rh5 Rg8 44. Kf5 Ke7 45. Rh7+ Kd6 46. Kxf6 Rxg4 47. e5+ Kc6 48. e6 Rf4+ 49. Ke7 Re4 50. Rh2 Kd5 51. Rh5+ Kc6 52. Rf5 Re2 1-0